Interpretación clínica del laboratorio / (Registro nro. 798)
[ vista simple ]
| 000 -LEADER | |
|---|---|
| fixed length control field | 01202 am a2200313 a 4500 |
| 005 - FECHA ULTIMA MODIFICACION | |
| control field | 20240529103845.0 |
| 008 - CAMPO DE CONTROL (LIBRO) | |
| fixed length control field | 101105s1996||||ck a f |||| 001 0 spa d |
| 020 ## - INTERNATIONAL STANDARD BOOK NUMBER | |
| ISBN | 9589181309 |
| 041 ## - CODIGO DE IDIOMA | |
| Código de idioma del texto/pista de sonido o título separado | spa |
| 092 ## - SIGNATURA TOPOGRAFICA DEWEY LOCAL | |
| número de clasificación | 616.075 |
| libristica | 3 |
| sección | ANG |
| 100 1# - ENTRADA PRINCIPAL--NOMBRE PERSONAL | |
| Nombre personal | Ángel Mejía, Gilberto. |
| 9 (RLIN) | 663 |
| 245 ## - TITULO PROPIAMENTE DICHO | |
| Título | Interpretación clínica del laboratorio / |
| Mención de responsabilidad y remanente de la transcripción de la portada | Gilberto Ángel Mejía |
| 250 ## - MENCION DE EDICION | |
| Mención de edición | 5a ed. 1a reimp. |
| 260 ## - PIE DE IMPRENTA | |
| Lugar de publicación, distribución, etc | Bogota [Colombia]: |
| Nombre de la editorial, distribuidor, etc | Editorial Médica Panamericana; |
| Fecha de publicación | 1996. |
| 300 ## - DESCRIPCION FISICA | |
| Extension | 664 p. |
| 500 ## - NOTA GENERAL | |
| Nota general | Ángel Mejía, G. y Ángel Ramelli, M. (1996). Interpretación clínica del laboratorio. (5a ed.). Bogotá : Editorial Médica Panamericana. |
| 590 ## - NOTAS LOCALES (RLIN) | |
| Nota local | Donación de Elena de Roso. Noviembre 2010. |
| 653 ## - TÉRMINO INDIZADO - PALABRAS CLAVES | |
| Palabra clave | Comprimidos de laboratorios |
| 653 ## - TÉRMINO INDIZADO - PALABRAS CLAVES | |
| Palabra clave | Cifras usuales en laboratorio |
| 653 ## - TÉRMINO INDIZADO - PALABRAS CLAVES | |
| Palabra clave | Diferentes preservativos para la orina |
| 653 ## - TÉRMINO INDIZADO - PALABRAS CLAVES | |
| Palabra clave | Tipo de sangre en muestras analizadas |
| 653 ## - TÉRMINO INDIZADO - PALABRAS CLAVES | |
| Palabra clave | Cifras internacionales normales en laboratorio |
| 653 ## - TÉRMINO INDIZADO - PALABRAS CLAVES | |
| Palabra clave | Valores normales en veterinaria |
| 653 ## - TÉRMINO INDIZADO - PALABRAS CLAVES | |
| Palabra clave | Indice de abreviaturas más usuales |
| 653 ## - TÉRMINO INDIZADO - PALABRAS CLAVES | |
| Palabra clave | Abreviaturas de anticuerpos y antígenos |
| 700 1# - ENTRADAS SECUNDARIAS - NOMBRE PERSONAL | |
| Nombre personal | Angel Ramelli, Mauricio. |
| 9 (RLIN) | 664 |
| 930 ## - NUMERO DE INVENTARIO | |
| Número de inventario | 2177 |
| 942 ## - ADDED ENTRY ELEMENTS (KOHA) | |
| Source of classification or shelving scheme | Dewey Decimal Classification |
| Item type | Libros |
| Estado de retiro | Existencia | Estado general | No para prestamo | Ubicación permanente | ubicación actual | Sala de ubicación | Fecha de adquisición | Total Checkouts | Total Renewals | Número de clasificación | Código de barras | Date last seen | Date last borrowed | Número de ejemplar | Price effective from | Koha tipo de elemento (item) | Fuente de clasificación | Checked out | Public note |
|---|---|---|---|---|---|---|---|---|---|---|---|---|---|---|---|---|---|---|---|
| Biblioteca Medicina | Biblioteca Medicina | Circulación | 13/05/2011 | 10 | 2 | 616.075 3 ANG | 2177 | 19/10/2017 | 17/10/2017 | ej.1 | 13/05/2011 | Libros | |||||||
| Biblioteca Medicina | Biblioteca Medicina | Referencia | 23/09/2011 | 1 | 11 | 616.075 3 ANG | 1078 | 06/11/2014 | 23/09/2011 | ej.2 | 23/09/2011 | Libros | Dewey Decimal Classification | 01/03/2029 | LIBRO DE CATEDRA |